Statistics for Air Traffic Triangles

Click here to take the quiz!

General Stats

  • This quiz has been taken 8 times
  • The average score is 26 of 42

Answer Stats

CityCityCity% Correct
New YorkChicagoLos Angeles
100%
Hong Kong
88%
Los Angeles
88%
TokyoOsakaTaipei
88%
BeijingShenzhenChengdu
75%
Beijing
75%
BeijingShanghaiHong Kong
75%
Beijing
75%
BeijingShanghaiGuangzhou
75%
BeijingShanghaiShenzhen
75%
Chicago
75%
Delhi
75%
Delhi
75%
JakartaSurabayaMakassar
75%
JakartaKuala LumpurSingapore
75%
Shanghai
75%
Shanghai
75%
Shanghai
75%
Singapore
75%
Chengdu
63%
Chengdu
63%
GuangzhouBeijingChengdu
63%
GuangzhouHangzhouBeijing
63%
Guangzhou
63%
Kuala Lumpur
63%
MumbaiDelhiChennai
63%
MumbaiDelhiBangalore
63%
Taipei
63%
Bangalore
50%
Chennai
50%
Osaka
50%
Shenzhen
50%
Shenzhen
50%
Sydney
50%
HanoiDa NangHo Chi Minh City
38%
Ho Chi Minh City
38%
Melbourne
38%
Surabaya
38%
BrisbaneSydneyMelbourne
25%
Da Nang
25%
Hangzhou
25%
Makassar
25%

Score Distribution

Percentile by Number Answered

Percent of People with Each Score

Your Score History

You have not taken this quiz